MARC

LEADER 00000nam0a2200000 4500
001 31919
005 20251225071638.0
035 |a (RuTPU)RU\TPU\book\32214 
035 |a BOOK00000293 
090 |a 31919 
100 |a 20011210d1992 m y0rusy50 ca 
101 0 |a rus 
102 |a RU 
105 |a y j 001zy 
200 1 |a Численное моделирование работы оборудования ТЭС  |e лабораторный практикум  |f Л. А. Беляев, Н. Н. Галашов  |g Томский политехнический университет 
210 |a Томск  |c Изд-во ТПУ  |d 1992 
215 |a 94 с. 
320 |a Библиогр.: с. 82-92. 
610 1 |a электроэнергетика 
610 1 |a ТЭС 
610 1 |a оборудование 
610 1 |a математическое моделирование 
610 1 |a лабораторные работы 
610 1 |a практические пособия 
610 1 |a учебные пособия 
675 |a 621.311.22.002.5:621.165(076.5)  |v 3 
700 1 |a Беляев  |b Л. А.  |c специалист в области теплоэнергетики  |c доцент Томского политехнического университета, кандидат технических наук  |f 1945-  |g Леонид Александрович  |3 (RuTPU)RU\TPU\pers\25509 
701 1 |a Галашов  |b Н. Н.  |c специалист в области энергетики  |c доцент Томского политехнического университета, кандидат технических наук  |f 1947-2025  |g Николай Никитович  |y Томск  |3 (RuTPU)RU\TPU\pers\25666  |9 11577 
712 0 2 |a Томский политехнический университет 
801 0 |a RU  |b 63413507  |c 20011210  |g PSBO 
801 2 |a RU  |b 63413507  |c 20200714  |g PSBO 
942 |c BK